Bd. 55, № 1-2; Zeitschrift fur physikalische Chemie. Neue Folge

Chi tiết về thư mục
Parent link:Zeitschrift fur physikalische Chemie. Neue Folge: magazin. Bd. 55, № 1-2.— , 1956-1973
Ngôn ngữ:Tiếng Đức
Được phát hành: 1967
Định dạng: Sách
KOHA link:https://koha.lib.tpu.ru/cgi-bin/koha/opac-detail.pl?biblionumber=547672

MARC

LEADER 00000nam2a2200000 4500
001 547672
005 20231101120148.0
035 |a (RuTPU)RU\TPU\prd\240350 
035 |a RU\TPU\prd\240347 
090 |a 547672 
100 |a 20150824a19561973k y0gery50 ba 
101 0 |a ger 
102 |a DE 
200 0 |a Bd. 55, № 1-2 
210 |d 1967 
461 1 |0 (RuTPU)RU\TPU\prd\224  |t Zeitschrift fur physikalische Chemie. Neue Folge  |o magazin  |v Bd. 55, № 1-2  |d 1956-1973 
801 0 |a RU  |b 63413507  |c 20010227  |g PSBO 
801 1 |a RU  |b 63413507  |c 20080423  |g PSBO 
801 2 |a RU  |b 63413507  |c 20150824  |g PSBO 
942 |c BK 
999 |a НТБ_ТПУ  |b НФ  |e -14/20150209  |p П-115a  |u 0  |v 1  |x 11286